Advanced industrial psychology Vol. I (Record no. 819487)

MARC details
000 -LEADER
fixed length control field 00596nam a2200217Ia 4500
008 - FIXED-LENGTH DATA ELEMENTS--GENERAL INFORMATION
fixed length control field 101110s9999 xx 000 0 und d
041 ## - LANGUAGE CODE
Language code of text/sound track or separate title ENGLISH
082 ## - DEWEY DECIMAL CLASSIFICATION NUMBER
Item number SR26926
100 ## - MAIN ENTRY--PERSONAL NAME
Personal name Sharma Ramnath and Chandra S.S.
245 ## - TITLE STATEMENT
Title Advanced industrial psychology Vol. I
260 ## - PUBLICATION, DISTRIBUTION, ETC. (IMPRINT)
Date of publication, distribution, etc 2004
Name of publisher, distributor, etc Atlamtic pub.and distributor, New delhi
300 ## - PHYSICAL DESCRIPTION
Extent 298
365 ## - TRADE PRICE
Price amount 550
520 ## - SUMMARY, ETC.
Summary, etc Psychology
546 ## - LANGUAGE NOTE
Language note ENGLISH
630 ## - SUBJECT ADDED ENTRY--UNIFORM TITLE
Uniform title Advanced industrial psychology Vol. I
650 ## - SUBJECT ADDED ENTRY--TOPICAL TERM
Topical term or geographic name as entry element Psychology
655 ## - INDEX TERM--GENRE/FORM
Genre/form data or focus term Psychology
730 ## - ADDED ENTRY--UNIFORM TITLE
Uniform title Advanced industrial psychology Vol. I
942 ## - ADDED ENTRY ELEMENTS (KOHA)
Koha item type Book
Holdings
Withdrawn status Lost status Damaged status Not for loan Home library Current library Shelving location Date acquired Source of acquisition Cost, normal purchase price Shelving control number Total Checkouts Barcode Date last seen Price effective from Koha item type
        D. B. J. College, Chiplun D. B. J. College, Chiplun     Shree Ganesh Book services, Mumbai,invoice488,dt.2 550.00     DBJSR26926 11/11/2010 11/11/2010 Book